Feather (Lyrics)- Sabrina Carpenter - Statistics

General Stats
  • This quiz has been taken 185 times
  • The average score is 322 of 377
Answer Stats
Answer % Correct
I
100%
(I
100%
you
99%
You
99%
like
98%
Like
98%
(Like
98%
a
96%
(A
96%
I'm
96%
(I'm
96%
feather
95%
feather)
95%
feather,
95%
"No
95%
no
95%
No
95%
(No
95%
your
95%
Your
95%
so
94%
feel
93%
for
93%
my
93%
It
92%
it
92%
of
92%
the
92%
to
92%
with
92%
With
92%
much
89%
off
89%
Oh
89%
lighter
88%
When
88%
when
88%
door
87%
door)
87%
ignore
87%
ignore)
87%
mind
87%
mind)
87%
me?
86%
slam
86%
(Slam
86%
got
85%
it's
85%
that
85%
blocked
83%
on
82%
hit
81%
(Hit
81%
saying
81%
an
80%
in
80%
More
80%
more"
80%
are
79%
sorry
79%
never
78%
out
78%
life
77%
Then
77%
you're
77%
talk
76%
where
76%
Where
76%
act
75%
come
75%
dream
75%
every
75%
loss
75%
bitch
74%
bitch)
74%
miss
74%
stereotype
74%
true
74%
signals
73%
want
73%
And
72%
at
72%
advance
71%
fit
71%
hours
71%
Not
71%
"Send
71%
time
71%
waste
71%
pic"
69%
platter
69%
two
69%
mixed
68%
than
68%
try
67%
after
66%
duh
66%
duh)
66%
back
65%
good
65%
make
65%
plans
65%
done
64%
done)
64%
excited
64%
feels
63%
finally
62%
whatever
62%
cut
61%
pull
61%
this
61%
yeah
61%
yeah)
61%
memories
60%
through
59%
pretendin'
58%
carin'
56%
afterthought
55%
Floatin'
55%
tonight
51%
up
47%
up)
47%
wine
43%
mm
42%
No matching quizzes found
Score Distribution
Percent of People with Each Score
Percentile by Number Answered
Your Score History
You have not taken this quiz